000 00634nam a2200181 i 4500
001 69310
003 ES-MaACL
005 20251009063051.0
007 t|
008 040702s1963 sp ||||1| spa d
100 0 _aGarcía-Badell, Gabriel,
_d1893-1975
_954207
245 1 0 _aIntroducción a la historia de la agricultura española /
_cGabriel García-Badell.
260 _aMadrid :
_bConsejo Superior de Investigaciones Científicas,
_c1963.
300 _a251 p. ;
_c25 cm.
710 2 _aConsejo Superior de Investigaciones Científicas (España)
_93236
852 _aES-MaACL
_jC-23793
_bR.52492
999 _c69310
_d69310